000 00295nam a22001337a 4500
008 170808b xxu||||| |||| 00| 0 eng d
020 _a9780131479548
041 _aeng
080 _25TH
_a004
100 _a34
101 _aSHKI
245 _aOPERATING SYSTEMS
_cSTALLINGS, W
942 _2udc
_cBK
999 _c22885
_d22885